Kronika Zeme

Bibliographic Details
Main Authors: Kelcová, Mária (Author), Paturi, Felix R. (Author)
Format: Article
Language:Slovak
Subjects:

MARC

LEADER 00000nab a2200000 a 4500
001 vtls000618023
003 SK-MaSNL
005 20260304094646.0
008 250425c1996 xo 0 slo
015 |a SNBRB19rr/mm-uuuuu 
035 |a CL0618162 
035 |a urn:nbn:sk:snk-ab76y9 
035 |a (uuid)466ce42d-48ea-40c5-9628-62fcf6f496a8 
035 |a (urnnbn)urn:nbn:sk:snk:ar-a072jj 
035 |a (sysno)vtls000618023 
040 |a SNKBUCL  |b slo  |c SNKBUCL  |e AACR2 
041 0 |a slo 
044 |a xo  |c SK 
080 |a 550.3/.7(03)(048)  |2 1981 
080 |a 03(048)  |2 1981 
100 1 |a Kelcová, Mária  |4 aut  |9 11787 
245 1 0 |a Kronika Zeme  |c M. Kelcová 
651 7 |a Zem (planéta)  |2 snkbucl  |9 75616 
655 7 |a články z novín a časopisov  |2 snkbucl  |9 267496 
700 1 |a Paturi, Felix R.  |4 aut  |9 11532 
773 0 |t Pedagogické spektrum  |g Roč. 5, č. 3 (1996), s. 69-73 
787 0 8 |i Rec.:  |a Paturi, Felix R.  |t Kronika Zeme  |d Bratislava : Fortuna Print, 1995 
850 |a Slovenská národná knižnica 
852 |a Slovenská národná knižnica 
954 |a odborná, vedecká literatúra pôvodná (slovenská)  |2 lita 
958 |a article27 
958 |a NX 
958 |a RK 
958 |a OND 
958 |a EUIPO 
999 |c 2828230  |d 2830160